Nourriture en B - Statistiques

Statistiques générales
  • Ce quiz a été pris 399 fois
  • Le résultat moyen est 7 sur 10
Statistiques - réponses
Par images Réponse % Correct
Brocoli
98%
Bretzel
93%
Brie
88%
Basilic
84%
Baba au rhum
80%
Bruschetta
58%
Blette
54%
Baklava
35%
Bourbon
33%
Baie de Goji
31%
Aucun quiz correspondant
Distribution des résultats
% des personnes avec chaque résultat
Percentile par nombre de réponses
Votre historique - résultats
Vous n’avez pas pris ce quiz